Walsh series. An introduction to dyadic harmonic analysis /

Salvato in:
Dettagli Bibliografici
Autori principali: Schipp, F (Autore), Wade, W.R (Autore), Simon, P (Autore)
Natura: Libro
Lingua:inglese
Pubblicazione: Budapest : Akadémiai Kiadó, 1990
Tags: Aggiungi Tag
Nessun Tag, puoi essere il primo ad aggiungerne!!

MARC

LEADER 00000nam a22000003a 4500
001 stu211
005 20150617225622.3
008 910426s1990----hu------------------eng-d
020 |a 963-05-5880-7 
040 |a STU  |b slo 
041 0 |a eng 
044 |a hu 
080 |a 517.986.6 
100 1 |a Schipp, F  |4 aut 
245 1 |a Walsh series. An introduction to dyadic harmonic analysis /  |c [aut.] Schipp,F.; Wade,W.R.; Simon,P 
260 |a Budapest :  |b Akadémiai Kiadó,  |c 1990 
300 |a 560 s 
700 1 |a Wade, W.R  |4 aut 
700 1 |a Simon, P  |4 aut 
996 |b E74082  |c E*74082  |l EE22  |s P  |a 0  |w stu211_0001